000 00709cam4a220022900 4500
001 lce00862546
008 731213s1973 nyu 000 0aeng
010 _a 73013118
020 _a0671216376
_a0671216384 (pbk.)
020 _c
_8.95
035 _a(Sirsi) r101310
035 _a(DLC) 73013118
035 _a(UPRA)lce00862546
050 0 _aBX4705.B3846
_bA34
082 _a364/.6/0924
_aB
100 1 _aBerrigan, Philip.
_6A59393.1
245 1 0 _aWiden the prison gates;
_bwriting from jails, April, 1970-December, 1972.
260 _aNew York,
_bSimon and Schuster
_c[1973]
600 1 0 _aBerrigan, Philip.
_6S45795.1
949 _aBX4705.B3846
_wlcc
_i-144283
_mMAIN
_tBOOK
_lON-SHELF
004 101310
999 _c153798
_d153798